Представление документа в формате MARC21

ПолеНазваниеЗначение
  Тип записи a
  Библиографический уровень m
001 Контрольный номер RU\infra-m\znanium\bibl\2248259
005 Дата корректировки 20260429142059.7
008 Кодируемые данные 260316s2026 RU g rus u
040 Источник каталогиз. __
a Служба первич. каталог. Общество с ограниченной ответственностью «ЗНАНИУМ»
041 Код языка издания __
a Код языка текста rus
044 Код страны публикации __
a Код страны публикации RU
080 Индекс УДК __
a Индекс УДК 32
080 Индекс УДК __
a Индекс УДК 33
080 Индекс УДК __
a Индекс УДК 336
080 Индекс УДК __
a Индекс УДК 3399
080 Индекс УДК __
a Индекс УДК 55
080 Индекс УДК __
a Индекс УДК 553
080 Индекс УДК __
a Индекс УДК 622
084 Индекс другой классификации/Индекс ББК __
2 Источник индекса rubbk
a Индекс другой классификации/Индекс ББК 263
084 Индекс другой классификации/Индекс ББК __
2 Источник индекса rubbk
a Индекс другой классификации/Индекс ББК 33
084 Индекс другой классификации/Индекс ББК __
2 Источник индекса rubbk
a Индекс другой классификации/Индекс ББК 6526
084 Индекс другой классификации/Индекс ББК __
2 Источник индекса rubbk
a Индекс другой классификации/Индекс ББК 655
084 Индекс другой классификации/Индекс ББК __
2 Источник индекса rubbk
a Индекс другой классификации/Индекс ББК 66
084 Индекс другой классификации/Индекс ББК __
2 Источник индекса rubbk
a Индекс другой классификации/Индекс ББК 664
084 Индекс другой классификации/Индекс ББК __
2 Источник индекса okso
a Индекс другой классификации/Индекс ББК 05.00.00
084 Индекс другой классификации/Индекс ББК __
2 Источник индекса okso
a Индекс другой классификации/Индекс ББК 21.00.00
084 Индекс другой классификации/Индекс ББК __
2 Источник индекса okso
a Индекс другой классификации/Индекс ББК 38.00.00
084 Индекс другой классификации/Индекс ББК __
2 Источник индекса okso
a Индекс другой классификации/Индекс ББК 41.00.00
245 Заглавие __
a Заглавие Вестник Забайкальского государственного университета, 2025, том 31, № 1
b Продолж. заглавия научый журнал; Журнал
250 Сведения об издании __
a Основные сведения об издании 1
260 Выходные данные __
a Место издания Чита
b Издательство Забайкальский государственный университет
c Дата издания 2025
300 Физическое описание __
a Объем 156 с.
521 Примеч. о цел. назн. __
a Примеч. о целев. назн. ВО - Магистратура
650 Тематические рубрики __
a Основная рубрика Науки о Земле. Экология
650 Тематические рубрики __
a Основная рубрика Науки о Земле. Экология
x Основная подрубрика Геология полезных ископаемых
650 Тематические рубрики __
a Основная рубрика Политика. Социология
650 Тематические рубрики __
a Основная рубрика Политика. Социология
x Основная подрубрика Международные отношения. Внешняя политика
650 Тематические рубрики __
a Основная рубрика Экономика. Бухгалтерский учет. Финансы
x Основная подрубрика Мировая экономика
650 Тематические рубрики __
a Основная рубрика Экономика. Бухгалтерский учет. Финансы
x Основная подрубрика Финансы
655 Указ. предметных рубрик (устаревшее) __
a Жанр/ форма (устаревшее) Журнал
856 Электронный адрес документа 4_
a Имя сервера/домена znanium.ru
m Помощь ebs_support@infra-m.ru
n Местонахождение сервера НИЦ ИНФРА-М
u URL https://znanium.ru/catalog/document?id=480204
856 Электронный адрес документа 48
a Имя сервера/домена znanium.ru
d Путь /cover/2248
f Электронное имя 2248259.jpg
q Тип электронного формата image/jpeg
u URL https://znanium.ru/cover/2248/2248259.jpg
911 __
u 0030=https://znanium.ru/catalog/document?id=480204